| 000 | 00350 a2200133 4500 | ||
|---|---|---|---|
| 003 | Nust | ||
| 005 | 20170207154414.0 | ||
| 040 | _cNust | ||
| 082 | _a799 | ||
| 245 |
_aMCC-26 (Photo Album Vol No. 2, 2001) _cMCS |
||
| 260 |
_aRawalpindi _bMCS _c31-11-2001 |
||
| 650 | _aPictures of MCC-26 in MCS,(Photo Album Vol No.2, 2001,CD-No-7) | ||
| 651 | _aSweet Memories-MCS | ||
| 942 | _cBK | ||
| 999 |
_c197368 _d197368 |
||